Elements by symbol - Statistics

General Stats
  • This quiz has been taken 15 times
  • The average score is 11 of 15
Answer Stats
Hint Answer % Correct
Cu copper
100%
Au gold
100%
H hydrogen
100%
O oxygen
100%
U uranium
100%
Bi bismuth
87%
W tungsten
87%
Zr zirconium
80%
As arsenic
73%
Cf californium
67%
Og oganesson
67%
Pt platinum
67%
La lanthanum
47%
Pr praseodymium
33%
Sg seaborgium
33%
No matching quizzes found
Score Distribution
Percent of People with Each Score
Percentile by Number Answered
Your Score History
You have not taken this quiz